Obálka
Pro půjčování e-knih musíte být přihlášeni.
Jak si půjčit online?

Hunger games. Síla vzdoru /

Hladové hry - každoroční velkolepá zvrácená reality show - představuje nové kandidáty. Gladiátorská aréna budoucnosti hodlá předhodit "lvům" další krvavé sousto. Rychle se však zvedá vlna nespokojenosti a Třináctý kraj vystupuje ze stínu, aby svrhl vládu Kapitolu. Katniss, která přežila úč...

Celý popis

Uloženo v:
Série:Hunger Games / Hry o život, část 3
Hlavní autor: Collins, Suzanne, 1962- (Autor)
Další autoři: Dušek, Zdík, 1976- (Autor)
Médium: E-audiokniha
Jazyk:Czech
Vydáno: Praha : Fragment, 2013
Vydání:2. vyd.
Edice:Young adults
Témata:
Příbuzné jednotky:Přeloženo z: Hunger games mockingjay
Z cyklu:: Hunger Games / Hry o život
Tagy:
Žádné tagy
LEADER 04563nam a2200901 a 4500
001 313119
003 CZ PrSKC
005 20260601215735.0
007 ta
008 131104s2013 xr d 000 f cze
015 |a cnb002518202 
020 |a 9788025320464  |q (soubor ;  |q krabice) 
020 |a 978-80-253-2047-1  |q (brož.) 
035 |a (OCoLC)864849865 
040 |a OLA001  |b cze 
041 1 |a cze  |h eng 
072 7 |a 821.111(73)-3  |x Americká próza  |2 Konspekt 
072 7 |a 821-93  |x Literatura pro děti a mládež (beletrie)  |2 Konspekt 
080 |a 821.111(73)-31  |2 MRF 
080 |a 821-93-053.67  |2 MRF 
080 |a 821-93  |2 MRF 
080 |a (0:82-313.2)  |2 MRF 
100 1 |a Collins, Suzanne,  |d 1962-  |7 xx0116397  |4 aut 
245 1 0 |a Hunger games.  |p Síla vzdoru /  |c Suzanne Collinsová ; [z anglického originálu ... přeložil Zdík Dušek] 
246 3 0 |a Síla vzdoru 
250 |a 2. vyd. 
260 |a Praha :  |b Fragment,  |c 2013 
300 |a 342 s. ;  |c 19 cm 
490 1 |a Young adults 
500 |a Část nákladu distribuována s dalšími 2 sv. (Aréna smrti, Vražedná pomsta) ve společné kartonové krabici se souborným ISBN 
520 2 |a Hladové hry - každoroční velkolepá zvrácená reality show - představuje nové kandidáty. Gladiátorská aréna budoucnosti hodlá předhodit "lvům" další krvavé sousto. Rychle se však zvedá vlna nespokojenosti a Třináctý kraj vystupuje ze stínu, aby svrhl vládu Kapitolu. Katniss, která přežila účinkování v Hladových hrách, se zapojuje do připravované revoluce. A právě její role by měla být pro vývoj situace klíčová. Katniss se bude muset rozhodnout, zda přijme obrovskou zodpovědnost za změnu budoucnosti. 
520 2 |a Třetí díl sci-fi série Hunger games, která se zabývá zajímavým fenoménem reality show. Až kam je schopna televizní společnost zajít, aby nabídla senzaci, až kam je schopen zajít televizní divák, aby hru sledoval. 
655 7 |a americké romány  |7 fd131796  |2 czenas 
655 7 |a antiutopické romány  |7 fd1151354  |2 czenas 
655 7 |a literatura young adult  |7 fd1185572  |2 czenas 
655 7 |a publikace pro mládež  |7 fd133157  |2 czenas 
655 9 |a American fiction  |2 eczenas 
655 9 |a dystopian novels  |2 eczenas 
655 9 |a young adult literature  |2 eczenas 
655 9 |a juvenile literature  |2 eczenas 
700 1 |a Dušek, Zdík,  |d 1976-  |7 ola20040616001  |4 trl 
765 0 |t Hunger games mockingjay 
787 0 8 |i Z cyklu:  |t Hunger Games / Hry o život  |g 3 
830 0 |a Young adults 
900 |a ABA001  |b 18 
044 |a xr 
505 0 0 |t 56 Sila vzdoru - Popel (27 min., 43 sek.) 
505 0 0 |t 57 Sila vzdoru - Popel (32 min., 31 sek.) 
505 0 0 |t 58 Sila vzdoru - Popel (29 min., 50 sek.) 
505 0 0 |t 59 Sila vzdoru - Popel (22 min., 3 sek.) 
505 0 0 |t 60 Sila vzdoru - Popel (25 min., 59 sek.) 
505 0 0 |t 61 Sila vzdoru - Popel (23 min., 28 sek.) 
505 0 0 |t 62 Sila vzdoru - Popel (30 min., 15 sek.) 
505 0 0 |t 63 Sila vzdoru - Popel (27 min., 30 sek.) 
505 0 0 |t 64 Sila vzdoru - Popel (38 min., 25 sek.) 
505 0 0 |t 65 Sila vzdoru - Utok (27 min., 31 sek.) 
505 0 0 |t 66 Sila vzdoru - Utok (26 min., 57 sek.) 
505 0 0 |t 67 Sila vzdoru - Utok (22 min., 22 sek.) 
505 0 0 |t 68 Sila vzdoru - Utok (26 min., 17 sek.) 
505 0 0 |t 69 Sila vzdoru - Utok (22 min., 57 sek.) 
505 0 0 |t 70 Sila vzdoru - Utok (24 min., 32 sek.) 
505 0 0 |t 71 Sila vzdoru - Utok (29 min., 48 sek.) 
505 0 0 |t 72 Sila vzdoru - Utok (24 min., 27 sek.) 
505 0 0 |t 73 Sila vzdoru - Utok (30 min., 53 sek.) 
505 0 0 |t 74 Sila vzdoru - Vrah (20 min., 59 sek.) 
505 0 0 |t 75 Sila vzdoru - Vrah (22 min., 57 sek.) 
505 0 0 |t 76 Sila vzdoru - Vrah (24 min., 56 sek.) 
505 0 0 |t 77 Sila vzdoru - Vrah (19 min., 36 sek.) 
505 0 0 |t 78 Sila vzdoru - Vrah (27 min., 21 sek.) 
505 0 0 |t 79 Sila vzdoru - Vrah (31 min., 56 sek.) 
505 0 0 |t 80 Sila vzdoru - Vrah (20 min., 32 sek.) 
505 0 0 |t 81 Sila vzdoru - Vrah (25 min., 18 sek.) 
505 0 0 |t 82 Sila vzdoru - Vrah (31 min., 31 sek.) 
505 0 0 |t 83 Epilog (2 min., 35 sek.) 
505 0 0 |t 84 Podekovani (3 min., 22 sek.) 
910 |a RBIT002 
998 |d 357735  |a https://core.palmknihy.cz/api/books/357735/cover?sh6w56  |b https://core.palmknihy.cz/api/books/357735/cover/400?sh6w56  |c https://core.palmknihy.cz/api/books/357735/cover/50?sh6w56  |e 2029-10-23  |i 9788025320471  |l 43560  |q 49  |r 1  |s https://www.palmknihy.cz/kniha/357735  |t audiobook  |y 2015  |z 0 
999 |d 313117